000 00347nam a22001457a 4500
008 210225b ||||| |||| 00| 0 eng d
020 _a9780030244186
041 _aeng
080 _28th
_a338
082 _a338
100 _a53
101 _aMEN
245 _aFundamentals of Financial Management
_cBrigham E. F & Houston J.F
942 _2udc
_cBK
999 _c55226
_d55226